| 000 | 02878nas1a22003851i 4500 | ||
|---|---|---|---|
| 001 | RU\NLR\INFOCOMM31\1000049368 | ||
| 005 | 20260406190620.0 | ||
| 035 | _a(NLR Aleph) 002513447 | ||
| 090 |
_a2699652 _c2699652 |
||
| 100 | _a20040427b19311937|||y0rusy50 ca | ||
| 101 | 0 | _arus | |
| 102 | _aRU | ||
| 110 | _aazu||||0|y0 | ||
| 200 | 1 |
_aМЗМ _eПроизводственно-техн. журн. Машиностроительного завода им. Молотова _eОрган Заводоуправления, Горкома ВКП(б), Завкома и ИТС _fРедколлегия |
|
| 207 | 1 | _aГ.1-6 | |
| 210 |
_aМолотово _d1931-1937 |
||
| 430 | 1 |
_12001#$aММЗ _tММЗ |
|
| 440 | 1 |
_1001rc\2945348 _12001#$aПроизводственно-технический журнал Завода № 172 имени Молотова _96599811 _aПермский машиностроительный завод им. В. И. Ленина _cМолотово _d1937 _fРедкол. Отв. ред. Ананьев, С.Л. _nБ. и. _oОрган Заводоупр. и Бюро ИТС _tПроизводственно-технический журнал Завода № 172 им. Молотова |
|
| 711 | 0 | 2 |
_aПермский машиностроительный завод им. В. И. Ленина _9401109 _3RU\NLR\AUTH\889952552 |
| 801 | 1 |
_aRU _bInfoComm _c20040427 |
|
| 801 | 0 |
_aRU _bNLR _gPSBO |
|
| 852 |
_aNLR _jП11/141 |
||
| 942 | _cJOURNAL | ||
| 980 | _aRUSPER | ||